Guess the Taylor Swift song from the acronym - Statistics

General Stats
  • This quiz has been taken 28 times
  • The average score is 14 of 20
Answer Stats
Hint Answer % Correct
Yntcd You need to calm down
96%
lwymmd Look what you made me do
91%
Ybwm You belong with me
87%
Cososom Chloe or Sam or Sophia or marcus
83%
Idsb I did something bad
83%
iwyw I wish you would
78%
Rwylm Right where you left me
78%
Tlgad the last great american dynasty
74%
tiwwchnt this is why we can't have nice things
74%
Bdilh But daddy I love him
70%
Tvfn the very first night
70%
bttws bigger than the whole sky
65%
Cbbh come back be here
65%
Iftye I forgot that you existed
65%
inthaf its nice to have a friend
65%
Wefil when emma falls in love
65%
Fots Fresh out the slammer
61%
tomg teardrops on my guitar
61%
apgh a perfectly good heart
57%
Ttwas tied together with a smile
52%
No matching quizzes found
Score Distribution
Percent of People with Each Score
Percentile by Number Answered
Your Score History
You have not taken this quiz